Data analysis for database design / (Record no. 10701)
[ view plain ]
| 000 -LEADER | |
|---|---|
| fixed length control field | 00584cam a22002052 4500 |
| 001 - CONTROL NUMBER | |
| control field | 0000003786 |
| 005 - DATE AND TIME OF LATEST TRANSACTION | |
| control field | 20151217154342.0 |
| 008 - FIXED-LENGTH DATA ELEMENTS--GENERAL INFORMATION | |
| fixed length control field | 070515s xx 000 0 eng d |
| 020 ## - INTERNATIONAL STANDARD BOOK NUMBER | |
| International Standard Book Number | 071313688X : |
| 040 ## - CATALOGING SOURCE | |
| Original cataloging agency | KABU |
| Transcribing agency | KABU |
| 100 1# - MAIN ENTRY--PERSONAL NAME | |
| Personal name | Howe, David. |
| -- | 0000148181 |
| 245 10 - TITLE STATEMENT | |
| Title | Data analysis for database design / |
| Statement of responsibility, etc. | David Howe. |
| 250 ## - EDITION STATEMENT | |
| Edition statement | 2nd ed. |
| 260 ## - PUBLICATION, DISTRIBUTION, ETC. (IMPRINT) | |
| Place of publication, distribution, etc. | London : |
| Name of publisher, distributor, etc. | Arnold, |
| Date of publication, distribution, etc. | 1989. |
| 300 ## - PHYSICAL DESCRIPTION | |
| Extent | xiii, 317 p. |
| 650 #0 - SUBJECT ADDED ENTRY--TOPICAL TERM | |
| Topical term or geographic name as entry element | Database design |
| General subdivision | System analysis. |
| -- | 0000148182 |
| 908 ## - PUT COMMAND PARAMETER (RLIN) | |
| Put command parameter | 070515 |
| 950 ## - LOCAL HOLDINGS (RLIN) | |
| -- | 1 |
| Withdrawn status | Lost status | Source of classification or shelving scheme | Not for loan | Home library | Current library | Date acquired | Total Checkouts | Full call number | Barcode | Date last seen | Date last checked out | Price effective from | Koha item type |
|---|---|---|---|---|---|---|---|---|---|---|---|---|---|
| Library of Congress Classification | Kabarak, Main Campus | Kabarak, Main Campus | 17/12/2015 | 10 | QA76.9 .D26H68 1989 | 008114 | 26/02/2020 | 13/02/2020 | 17/12/2015 | General Collection |